Devinez le Département Mystère #16 - Statistiques

Statistiques générales
  • Ce quiz a été pris 291 fois
  • Le résultat moyen est 28 sur 31
Statistiques - réponses
Type de Réponse Réponse % Correct
Lettre de l'Alphabet A
100%
Lettre Trouvée E
100%
Lettre de l'Alphabet O
100%
Lettre Trouvée R
100%
Lettre de l'Alphabet N
99%
Lettre de l'Alphabet I
98%
Lettre de l'Alphabet D
97%
Lettre Trouvée S
97%
Lettre de l'Alphabet U
97%
Lettre de l'Alphabet L
96%
Lettre Bien Placée R
96%
Lettre de l'Alphabet T
96%
Lettre de l'Alphabet C
92%
Lettre de l'Alphabet H
92%
Lettre de l'Alphabet V
92%
Lettre de l'Alphabet M
91%
Lettre de l'Alphabet B
90%
Lettre de l'Alphabet P
87%
Lettre de l'Alphabet F
85%
Lettre Trouvée G
85%
Lettre de l'Alphabet J
85%
Lettre de l'Alphabet Y
85%
Lettre Bien Placée G
83%
Lettre de l'Alphabet Q
82%
Lettre de l'Alphabet Z
82%
Lettre Bien Placée E
81%
Département Mystère Gers
81%
Lettre de l'Alphabet K
81%
Lettre Bien Placée S
81%
Lettre de l'Alphabet W
81%
Lettre de l'Alphabet X
81%
Aucun quiz correspondant
Distribution des résultats
% des personnes avec chaque résultat
Percentile par nombre de réponses
Votre historique - résultats
Vous n’avez pas pris ce quiz